Inspection and gaging : (Record no. 5009)
[ view plain ]
| 000 -LEADER | |
|---|---|
| fixed length control field | 00867nac a22002291u 4500 |
| 010 ## - LIBRARY OF CONGRESS CONTROL NUMBER | |
| LC control number | 87017393 |
| 020 ## - INTERNATIONAL STANDARD BOOK NUMBER | |
| International Standard Book Number | 0831111496 : |
| 082 00 - DEWEY DECIMAL CLASSIFICATION NUMBER | |
| Classification number | 620.0044 |
| Item number | K351 |
| 090 ## - LOCALLY ASSIGNED LC-TYPE CALL NUMBER (OCLC); LOCAL CALL NUMBER (OCLC) | |
| -- | 5009 |
| -- | 5009 |
| 100 ## - MAIN ENTRY--PERSONAL NAME | |
| Personal name | Kennedy, Clifford W., |
| 245 10 - TITLE STATEMENT | |
| Title | Inspection and gaging : |
| Remainder of title | a training manual and reference work that discusses the place of inspection in industry ... / |
| Statement of responsibility, etc | Clifford W. Kennedy, Edward G. Hoffman, Steven D. Bond. |
| 250 ## - EDITION STATEMENT | |
| Edition statement | 6th ed. |
| 260 ## - PUBLICATION, DISTRIBUTION, ETC. (IMPRINT) | |
| Place of publication, distribution, etc | New York, N.Y. : |
| Name of publisher, distributor, etc | Industrial Press, |
| Date of publication, distribution, etc | c1987. |
| 300 ## - PHYSICAL DESCRIPTION | |
| Extent | 654 p. : |
| Other physical details | ill. ; |
| Dimensions | 24 cm. |
| 500 ## - GENERAL NOTE | |
| General note | Includes index. |
| 650 #0 - SUBJECT ADDED ENTRY--TOPICAL TERM | |
| Topical term or geographic name as entry element | Engineering inspection. |
| 650 #0 - SUBJECT ADDED ENTRY--TOPICAL TERM | |
| Topical term or geographic name as entry element | Gages. |
| 700 1# - ADDED ENTRY--PERSONAL NAME | |
| Personal name | Hoffman, Edward G. |
| 700 1# - ADDED ENTRY--PERSONAL NAME | |
| Personal name | Bond, Steven D. |
| 942 ## - ADDED ENTRY ELEMENTS (KOHA) | |
| Item type | NB - Book (Non borrowing) |
| Call number prefix | 620.0044K351 |
| Withdrawn status | Item status | Damaged status | Not for loan | Home library | Current library | Shelving location | Date acquired | Source of acquisition | Total Checkouts | Full call number | Barcode | Date last seen | Koha item type | Total Renewals | Date last borrowed |
|---|---|---|---|---|---|---|---|---|---|---|---|---|---|---|---|
| Central Library | Central Library | First floor | 08/10/2007 | Purchase | 620.0044 KEN | 000005984 | 15/07/2025 | Book - Borrowing | |||||||
| Central Library | Central Library | First floor | 08/10/2007 | Purchase | 3 | 620.0044 KEN | 000006192 | 15/07/2025 | Book - Borrowing | 1 | 04/09/2016 | ||||
| Central Library | Central Library | First floor | 08/10/2007 | Purchase | 620.0044 KEN | 000006191 | 15/07/2025 | NB - Book (Non borrowing) |